000 00805nam a2200265Ia 4500
001 Para_623
003 CHAP
008 220125s1995 xx 000 0 und d
010 _a199383
040 _cCHAP
090 _aPA FOLLETO 3370
110 _aMéxico. Dirección General de Sanidad Vegetal
_977045
245 _aRequisitos fitosanitarios para la exportación de productos agrícolas /
_c por SAGAR. DGSV
260 _aMéxico, D.F. :
_b la secretaría
300 _ahoja desplegable
650 _aExportación e importación
_x control
_939089
650 _aSanidad Vegetal
_x Leyes
_9102230
901 _aPA FOLLETO 3370
902 _aA
905 _a0000001995 0000000000 00
910 _a1995
942 _cPARA
942 _cPARA
_d1
999 _c199383
_d199383